00755nam a22002177a 450000500170000000800410001701000140005802000150007202000160008703500130010308200110011624501020012726000390022926000090026830000180027750000500029570000170034594200260036299900170038895201320040520081022120936.0081022t xxu||||| |||| 00| 0 eng d aENG-84310 a0195673867 c595.00 (hb) aEN-67843 a325.32 aThe Great divergence :bhegemony, uneven development, and global inequality /cedited by Jomo K S aNew DelhibOxford University Press c2006 aix,262pc22cm aIncludes bibliographical references and index aJomo K Sced 2ddccENh325.32 mGRE c17648d17648 00102ddc40718NFICaDBADbDBADd2008-10-22g595.00l0o325.32 GREpEN-67843r2008-11-04 00:00:00t1v595.00w2008-11-04yEN